Normal view
MARC view
Entry Topical Term
001 - CONTROL NUMBER
- control field: 53572
003 - CONTROL NUMBER IDENTIFIER
- control field: OSt
005 - DATE AND TIME OF LATEST TRANSACTION
- control field: 20250521122725.0
008 - FIXED-LENGTH DATA ELEMENTS
- fixed length control field: 250521|| aca||aabn | a|a d
040 ## - CATALOGING SOURCE
- Original cataloging agency: OSt
- Transcribing agency: OSt
150 ## - HEADING--TOPICAL TERM
- Topical term or geographic name entry element: Intersectionality, women of color, U.S. bureaucracy, state government agencies, leadership roles, policy discretion, elected officials, communication disparities, American State Administrators Project, oversight, representation, disparities in discretion
670 ## - SOURCE DATA FOUND
- Source citation: Work cat.: (OSt)526606: Uttermark, Matthew J. et al 53571, Contact and control: Engagement and influence among women of color state agency heads
